Threat of litigation gives construction firms major headache (Record no. 78378)

MARC details
000 -LEADER
fixed length control field 01035cab a2200205 4500
001 - CONTROL NUMBER
control field ##L136629
008 - FIXED-LENGTH DATA ELEMENTS--GENERAL INFORMATION
fixed length control field 070212n2006 000 0 eng u
035 ## - SYSTEM CONTROL NUMBER
System control number (Sirsi) u136631
041 0# - LANGUAGE CODE
Language code of text/sound track or separate title eng
110 #2 - MAIN ENTRY--CORPORATE NAME
Corporate name or jurisdiction name as entry element Pinsent Masons
9 (RLIN) 5118
245 00 - TITLE STATEMENT
Title Threat of litigation gives construction firms major headache
Medium [electronic resource]
260 ## - PUBLICATION, DISTRIBUTION, ETC.
Date of publication, distribution, etc. 2006
490 #0 - SERIES STATEMENT
Series statement Pinsent Masons Press Release
Volume/sequential designation 12 December 2006
520 ## - SUMMARY, ETC.
Summary, etc. A survey of firms attending Pinsent Mason's annual construction conference reveals that 50% of UK construction firms have faced the threat of litigation in the last year, with 92% expecting levels to remain the same or increase during 2007. Employment issues and regulatory changes in the area of health and safety were cited as the greatest litigation concerns.
590 ## - LOCAL NOTE (RLIN)
Local note KA
651 #4 - SUBJECT ADDED ENTRY--GEOGRAPHIC NAME
Geographic name United Kingdom
Chronological subdivision
690 ## - LOCAL SUBJECT ADDED ENTRY--TOPICAL TERM (OCLC, RLIN)
Topical term or geographic name as entry element Construction management
9 (RLIN) 6230
856 40 - ELECTRONIC LOCATION AND ACCESS
Uniform Resource Identifier <a href="https://www.pinsentmasons.com/press/press/press20061212_1.aspx">https://www.pinsentmasons.com/press/press/press20061212_1.aspx</a>
Public note View the item free of charge at www.pinsentmasons.com...
942 ## - ADDED ENTRY ELEMENTS (KOHA)
Suppress in OPAC 0
Holdings
Withdrawn status Lost status Source of classification or shelving scheme Damaged status Not for loan Home library Current library Shelving location Date acquired Total Checkouts Full call number Barcode Date last seen Copy number Price effective from Koha item type
    Dewey Decimal Classification     Virtual Virtual Online 12/02/2007   ONLINE PUBLICATION 136631-2001 06/08/2019 1 06/08/2019 Journal article